This is your abundant life in Jesus Christ: (Record no. 14240)

000 -LEADER
fixed length control field 00628nam a2200193 a 4500
001 - CONTROL NUMBER
control field :::00012069$&:&@@
003 - CONTROL NUMBER IDENTIFIER
control field OkBaRHE
005 - DATE AND TIME OF LATEST TRANSACTION
control field 20010425115723.0
008 - FIXED-LENGTH DATA ELEMENTS--GENERAL INFORMATION
fixed length control field s1961 j 000 0 eng u
040 ## - CATALOGING SOURCE
Transcribing agency
100 1# - MAIN ENTRY--PERSONAL NAME
Personal name Roberts, Oral, 1918-
245 10 - TITLE STATEMENT
Title This is your abundant life in Jesus Christ:
Remainder of title Bible studies in abundant life.
260 ## - PUBLICATION, DISTRIBUTION, ETC. (IMPRINT)
Place of publication, distribution, etc Tulsa, OK., :
Name of publisher, distributor, etc Abundant Life Publications
Date of publication, distribution, etc 1961
300 ## - PHYSICAL DESCRIPTION
Extent 126 p. ;
Dimensions 19 cm.
650 ## - SUBJECT ADDED ENTRY--TOPICAL TERM
Topical term or geographic name as entry element Christian Life
650 ## - SUBJECT ADDED ENTRY--TOPICAL TERM
Topical term or geographic name as entry element Success
942 ## - ADDED ENTRY ELEMENTS (KOHA)
Source of classification or shelving scheme
Koha item type Books
Copies
Source of classification or shelving scheme Full call number Not for loan Date acquired Barcode Lost status Copy number Koha item type Price effective from Damaged status Withdrawn status Date last seen Permanent Location Shelving location
 BX 8776 .Z6R62T49 2010-04-1412069 1Books2010-04-14  2010-04-14RHEMA Bible Training CollegeGeneral Stacks